International relations theory: A Critical Introduction (Record no. 313087)

MARC details
000 -LEADER
fixed length control field 00550nam a22001937a 4500
005 - DATE & TIME
control field 20240123103326.0
008 - FIXED-LENGTH DATA ELEMENTS--GENERAL INFORMATION
fixed length control field 240110b |||||||| |||| 00| 0 eng d
020 ## - ISBN
International Standard Book Number 9780367442712
Price £ 34.99
040 ## - CATALOGING SOURCE
Original cataloging agency VIVEKANANDA LIBRARY
082 ## - DDC NUMBER
Classification number 327.101
Book Number W388I(5)
100 ## - MAIN ENTRY--PERSONAL NAME
Personal name Weber, Cynthia
245 ## - TITLE STATEMENT
Title International relations theory: A Critical Introduction
250 ## - EDITION STATEMENT
Edition statement 5th
260 ## - PUBLICATION, DISTRIBUTION, ETC. (IMPRINT)
Place of publication, distribution, etc London
Name of publisher, distributor, etc Routledge Taylor and Francis Group
Date of publication, distribution, etc 2020
300 ## - PHYSICAL DESCRIPTION
Pages xx, 315
650 ## - Subject
Subject International Relations-Philosophy
650 ## - Subject
Subject Political Science
942 ## - ADDED ENTRY ELEMENTS (KOHA)
Koha item type Books
Holdings
Withdrawn status Lost status Source of classification or shelving scheme Damaged status Not for loan Location (home branch) Sublocation or collection (holding branch) Date acquired Koha issues (times borrowed) Koha full call number Accession No. Koha date last seen Koha item type
    Dewey Decimal Classification     VIVEKANANDA LIBRARY VIVEKANANDA LIBRARY 10/01/2024 1 327.101 W388I(5) 404766 07/03/2024 Books
© Designed and Maintained by Vivekananda Library, MDU Rohtak